LEADER 00482nas 2200181z- 450 001 9910891931603321 005 20260324110711.0 035 $a(CKB)5450000000346705 035 $a(DE-599)3067620-4 035 $a(EXLCZ)995450000000346705 100 $a20211020cuuuuuuuu -u- - 101 0 $aeng 200 00$aOpen - ZBW Highlights from 210 $cZBW - Leibniz Information Centre for Economics 906 $aJOURNAL 912 $a9910891931603321 996 $aOpen$91495328 997 $aUNINA